000 00752nam a2200277Ia 4500
005 20260324144442.0
008 008 260324s9999 xx 000 0 eng d
020 _a9781351077774
037 _aEBOOK
040 _aCRL
040 _beng
040 _cCRL
041 _2eng
041 _aeng
084 _qCRL
100 _aMauro Magini; Giovanni Licheri; Giorgio Paschina; Giorgio Piccaluga; Gabriella Pinna
_91219370
245 0 _aX-Ray Diffraction of Ions in Aqueous Solutions: Hydration and Complex Formation
260 _bTaylor and Francis
260 _c1988
365 _a
365 _b240
856 _uhttp://www.taylorfrancis.com/books/9781351077774
942 _cEBOOK
999 _c1826003
_d1826003